000 00479nam a2200181Ia 4500
008 230711s9999||||xx |||||||||||||| ||und||
020 _a978-0-07-015134-5
041 _aENG
082 _a670.285
_bZE-C
100 _aZeid,Ibrahim
245 0 _aCAD/CAM theory and practice
250 _a2nd Ed.
260 _c2009
_aNew Delhi
_bMcGraw Hill Education(India) Private Limited
300 _a813p.
650 _aMechanical Engineering
700 _aSivasubramanian,R
942 _cBK
999 _c5894
_d5894